Mort subite - Les chansons de Dua Lipa - Statistiques

Statistiques générales
  • Ce quiz a été pris 1 139 fois
  • Le résultat moyen est 12 sur 18
Answers on the Grid
Answers color-coded by a green-red scale on the quiz's grid according to % correct below.
Blow Your Mind (Mwah)
Levitating
Mwah
Sport Time
Break My Heart
Houdini
Cold Heart
Fièvre
Don't Start Now
Training Season
Magician
No Lie
Copperfield
These Walls
One Kiss
Fever
Love Me
Stop Now
Love Again
Barbie Dance
Hallucinate
New Rules
IDGAF
Dance The Night
Kisses
Interested
Sweetest Pie
Physical
 
Statistiques - réponses
Réponse % Correct
Levitating
95%
Houdini
85%
Don't Start Now
76%
Fever
76%
One Kiss
76%
New Rules
75%
Break My Heart
73%
Physical
73%
Dance The Night
69%
Training Season
68%
Cold Heart
66%
Love Again
65%
No Lie
64%
Blow Your Mind (Mwah)
63%
IDGAF
60%
These Walls
55%
Hallucinate
51%
Sweetest Pie
38%
Aucun quiz correspondant
Distribution des résultats
% des personnes avec chaque résultat
Percentile par nombre de réponses
Votre historique - résultats
Vous n’avez pas pris ce quiz